00944nam a2200253Ia 4500003000400000005001700004008004100021020001500062040001800077041000800095082002000103100003400123245008100157250001200238260004600250300003000296650003200326650004400358650004400402700003000446942002900476999001900505952016600524OSt20251107115418.0210716s2004 xx 000 0 und d a1555583172 cAIMIT LIBRARY aeng a005.8 21bRITJ aRittinghouse, John W.9244621 aWireless operational security /cBy John W Rittinghouse and James F Ransome. a1st ed. aBoston :bElsevier Digital Press ,c2004. axxvi,468p. ;bPBc23.8 cm aSetting up defenses9244622 aWlan risk and threat mitigation9244623 aWlan risk and threat mitigation9244623 aRansome, James F.9244624 2ddccBKe1stk005.8 RITJ c189446d189446 00102ddc40708MCAaAIMITbAIMITeAthulya Booksg465.00iBill no:ABK 921; Bill dt:2009-03l0o005.8 RITJpMCA08954r2026-05-23 00:00:00v362.70w2021-07-16yBK